00414nam a2200157Ia 4500008004100000040001900041041001200060082002200072100001800094245003500112260003300147300001900180650002100199651002000220850001600240131103s9999 xx 000 0 und d aLoreto College aEnglish aF/CORbLCBED/8542 aCorman, Avery aKramer V. KramercAvery Corman aGreat BritainbFontanac1981 a191p. c 20cm. aKramer V. Kramer aEnglish fiction aLCBED/F/COR